[Event "CAN-ch U18"]
[Site "Windsor"]
[Date "2010.07.07"]
[Round "3"]
[White "Posaratnanathan, Roy"]
[Black "Downie, Sheldon"]
[Result "1-0"]
[WhiteElo "1731"]
[BlackElo "1328"]
[PlyCount "93"]
[EventDate "2010.07.06"]
[EventType "swiss"]
[EventRounds "7"]
[EventCountry "CAN"]
[SourceTitle "EXT 2012"]
[Source "ChessBase"]
[SourceDate "2011.11.24"]
[SourceVersion "1"]
[SourceVersionDate "2011.11.24"]
[SourceQuality "1"]

1. e4 e6 2. d4 d5 3. Bd3 c5 4. dxc5 Bxc5 5. exd5 exd5 6. Nc3 Ne7 7. Nf3 Bg4 8. 0-0 0-0 9. Bxh7+ Kxh7 10. Ng5+ Kg8 11. Qxg4 Nd7 12. Nf3 Nf6 13. Qa4 Qd7 14. Qxd7 Nxd7 15. Bg5 Nb6 16. Rfe1 Rfe8 17. Rad1 f6 18. Bc1 Bb4 19. Rd3 Rad8 20. Red1 Bxc3 21. Rxc3 Rc8 22. Rxc8 Rxc8 23. Nd4 Nc6 24. Nxc6 bxc6 25. Kf1 Rb8 26. Be3 Rb7 27. b3 Rc7 28. a4 Nd7 29. Ke2 Kf7 30. h4 Ne5 31. f3 f5 32. h5 a6 33. Bf4 Re7 34. Bxe5 Rxe5+ 35. Kd3 c5 36. Rh1 Re6 37. g4 f4 38. Rh3 Kg8 39. Kd2 Kh7 40. h6 Rxh6 41. Rxh6+ Kxh6 42. c3 a5 43. Kd3 Kg6 44. b4 c4+ 45. Kd4 axb4 46. cxb4 Kf6 47. a5 1-0

[Event "CAN-ch U18"]
[Site "Windsor"]
[Date "2010.07.06"]
[Round "1"]
[White "Downie, Sheldon"]
[Black "Chung, Kevin"]
[Result "0-1"]
[WhiteElo "1328"]
[BlackElo "2280"]
[PlyCount "84"]
[EventDate "2010.07.06"]
[EventType "swiss"]
[EventRounds "7"]
[EventCountry "CAN"]
[SourceTitle "EXT 2012"]
[Source "ChessBase"]
[SourceDate "2011.11.24"]
[SourceVersion "1"]
[SourceVersionDate "2011.11.24"]
[SourceQuality "1"]

1. d4 e6 2. c4 Nf6 3. Nc3 Bb4 4. Bd2 b6 5. f3 Nc6 6. a3 Bxc3 7. Bxc3 d5 8. cxd5 exd5 9. e3 0-0 10. Bd3 Re8 11. Qd2 Qe7 12. 0-0-0 Qxe3 13. Qxe3 Rxe3 14. Ne2 Bd7 15. Rhe1 Rae8 16. Bb5 Nb8 17. Bxd7 Nbxd7 18. Nf4 Rxe1 19. Rxe1 Rxe1+ 20. Bxe1 Kf8 21. Kc2 Ke7 22. Kd3 c5 23. b3 Kd6 24. g4 Nf8 25. Bg3 Kc6 26. a4 N6d7 27. Bf2 Ne6 28. Ne2 f6 29. f4 Nc7 30. Nc3 a6 31. f5 Ne8 32. h3 Nd6 33. Be3 Nf8 34. h4 h5 35. gxh5 Nxf5 36. Bf2 Ne6 37. Ne2 cxd4 38. Nxd4+ Nexd4 39. Bxd4 Nxd4 40. Kxd4 a5 41. Kd3 Kc5 42. Kc3 d4+ 0-1